Euro 2020 Group E - Spain - Poland - Statistics

General Stats
  • This quiz has been taken 113 times
  • The average score is 19 of 32
Answer Stats
Player % Correct
Robert Lewandowski ¹
96%
Álvaro Morata ¹
93%
Wojciech Szczęsny
89%
Jordi Alba
85%
Piotr Zieliński
83%
Kamil Glik
81%
Unai Simón
81%
Pedri
78%
Ferran Torres
71%
Pau Torres
71%
Aymeric Laporte
69%
Jan Bednarek
67%
Gerard Moreno
64%
Luis Enrique
64%
Rodri
59%
Paulo Sousa
55%
Bartosz Bereszyński
52%
Przemysław Frankowski
52%
Mikel Oyarzabal
50%
Karol Linetty
49%
Karol Świderski
48%
Kamil Jóźwiak
46%
Jakub Moder
45%
Mateusz Klich
45%
Dani Olmo
42%
Koke
42%
Tymoteusz Puchacz
40%
Marcos Llorente
37%
Pablo Sarabia
33%
Kacper Kozłowski
31%
Fabián Ruiz
29%
Paweł Dawidowicz
23%
No matching quizzes found
Score Distribution
Percent of People with Each Score
Percentile by Number Answered
Your Score History
You have not taken this quiz